LEADER 01196nam a2200277 u 4500 001 000000011109 003 CaOOAMICUS 005 20070226105406.0 008 940516s1939 fr u000 u lat u 035 $a10273881 040 $aPUL$bita 100 1 $aLinder, Josef,$cS.I.$0(OLS)http://pul/name/10763 245 10$aCommentarius in librum Daniel /$cquem exaravit Josephus Linder, S.I. 260 $aParisiis :$bP. Lethielleux,$c1939. 300 $aix, 15*, 548 p. ;$c25 cm 490 1 $aCursus Scripturae sacrae.$aSectio altera ;$v23 500 $a"Indices" : p.[543]-548. 504 $a"Bibliographia" : p.[1*]-15*. 630 04$aBiblia.$pV.T.$pDaniel$xCommenti.$0(OLS)http://pul/subject/7430 730 0 $aBiblia.$pV.T.$pDaniel.$lLatino.$0(OLS)http://pul/title/16151 830 0$aCursus Scripturae sacrae.$nSectio altera ;$v23.$0(OLS)http://pul/title/16150 850 $aPUL 852 $aPUL$W1$xDP2 Religione 1$y63$m5 C 74bis$j159146$nBK-PRI$qStampati$B15727$CPULBib$Z2$F15727 $H11617 $82 941 1 $a8 996 $6245$aCommentarius in librum Daniel$9(OLS)http://pul/title/16149 996 $6260$aParisiis :$bP. Lethielleux$9(OLS)http://pul/publisher/49373 LEADER 01337nam a2200277 u 4500 001 000000109213 003 CaOOAMICUS 005 20080125154355.0 008 080125s2007 enk u000 u eng u 040 $aPUL$bita$dBc 245 04$aThe Oxford handbook of international environmental law /$cedited by Daniel Bodansky, Jutta Brunnée and Ellen Hey. 246 10$aInternational environmental law. 260 $aOxford ;$aNew York :$bOxford University Press,$c2007. 300 $axxviii, 1080 p. ;$c26 cm. 504 $aInclude indice e riferimenti bibliografici. 650 4$aDiritto ambientale.$0(OLS)http://pul/subject/19669 700 1 $aBrunnée, Jutta.$0(OLS)http://pul/name/66888 700 1 $aHey, Ellen.$0(OLS)http://pul/name/66889 700 1 $aBodansky, Daniel.$0(OLS)http://pul/name/66887 700 1 $aGottlieb, Roger S.$0(OLS)http://pul/name/66884 850 $aPUL 852 $aPUL$W1$xSL Diritto e Scienze Sociali 3$y79$m341. 7 BODDA 1$j124802$qDDC 21$B123543$CPULBib$Z2$F123543 $H105781 $82 941 1 $a9 996 $6246$aInternational environmental law.$9(OLS)http://pul/title/137398 996 $6245$aThe Oxford handbook of international environmental law$9(OLS)http://pul/title/137397 996 $6260$aOxford ;$aNew York :$bOxford University Press$9(OLS)http://pul/publisher/74678